World furniture outlook 2009/2010.
| Corporate Author: | |
|---|---|
| Format: | Book |
| Published: |
Milan:
Centre for Industrial studies (CSIL),
2009.
|
| Series: | CSIL : July 2009
|
| Subjects: |
| LEADER | 00445cam a2200145 7i4500 | ||
|---|---|---|---|
| 001 | 0000024225 | ||
| 005 | 20100224090000.0 | ||
| 090 | 0 | 0 | |a P 684.1 |b CEN |
| 110 | 2 | 0 | |a Centre for Industrial studies (CSIL) |
| 245 | 2 | 0 | |a World furniture outlook 2009/2010. |
| 260 | 0 | 0 | |a Milan: |b Centre for Industrial studies (CSIL), |c 2009. |
| 300 | # | # | |a 99 p. |
| 440 | 0 | 0 | |a CSIL : July 2009 |
| 650 | 0 | 0 | |a Furniture outlook |
| 999 | |a B000026136 |b Book |c Products |e Business Information Centre | ||